000 00693cam a2200241 4500
001 J88406
008 090401t1997 xxu||||| |||| 00| 0 eng d
035 _a(Sirsi) u82797
041 _aeng
050 _a306
110 _aChartered Institute of Housing
_92394
245 _aGood practice briefing - Issue 9 (November 1997). Planned maintenance and improvements.
260 _aCoventry
_bChartered Institute of Housing
_c1997
300 _a15p. : ill. ; 30cm.
350 _a10
490 _aCIH Good Practice Briefing
_v9
650 _aIMPROVEMENTS
650 _aPLANNED MAINTENANCE
650 _aSTOCK CONDITION SURVEYS
690 _aHOUSING
942 _n0
948 _c18/12/1997
999 _c96833
_d96833